Normal view MARC view

Entry Nombre personal

Number of records used in: 1

001 - NÚMERO DE CONTROL

  • campo de control: 239454

003 - IDENTIFICADOR DE NÚMERO DE CONTROL

  • campo de control: SpMaBN

005 - FECHA Y HORA DE LA ÚLTIMA TRANSACCIÓN

  • campo de control: 20250725042627.0

008 - ELEMENTOS DE DATO DE LONGITUD-FIJA

  • campo de control de longitud fija: 900725nn ainnnaabn a aac

016 ## - NÚMERO DE CONTROL DE UNA AGENCIA BIBLIOGRÁFICA NACIONAL

  • Número de control del registro: BNE19973914861

040 ## - FUENTE DE CATALOGACIÓN

  • Centro catalogador/agencia de origen: SpMaBN
  • Lengua de catalogación: spa
  • Centro/agencia transcriptor: SpMaBN
  • Normas de descripción: rdc
  • Convención/Normas de encabezamiento de materia/tesauro: embne

046 ## - FECHAS CON CODIFICACIÓN ESPECIAL

  • Fecha de nacimiento: 1839
  • Fecha de la muerte: 1900

100 1# - ENCABEZAMIENTO-NOMBRE DE PERSONA

  • Nombre de persona: Conde de Salazar y Souleret, José,
  • Fechas asociadas al nombre: 1839-1900

370 ## - LUGAR ASOCIADO

  • Lugar de fallecimiento: España, Madrid (Comunidad Autónoma), Madrid

374 ## - OCUPACIÓN

  • Ocupación: Pintores
  • Ocupación: Escritores

375 ## - GÉNERO/SEXO

  • Género: Masculino

377 ## - IDIOMA ASOCIADO

  • Término de lengua/lenguaje: Español

400 1# - TRAZADO DE VÉASE--NOMBRE DE PERSONA

  • Nombre de persona: Conde de Salazar y Souleret, J.,
  • Fechas asociadas al nombre: 1839-1900

400 1# - TRAZADO DE VÉASE--NOMBRE DE PERSONA

  • Nombre de persona: Conde Souleret, José,
  • Fechas asociadas al nombre: 1839-1900

400 1# - TRAZADO DE VÉASE--NOMBRE DE PERSONA

  • Nombre de persona: Conde de Salazar, José,
  • Fechas asociadas al nombre: 1839-1900

670 ## - FUENTE DE DATOS ENCONTRADOS

  • Cita de la fuente: Los dos sobrinos y el tío, 1873
  • Información encontrada: portada (original de José Conde Souleret)

670 ## - FUENTE DE DATOS ENCONTRADOS

  • Cita de la fuente: Tortilla al ron : novela gastronómico-social, 1885
  • Información encontrada: portada (por José Conde de Salazar)

670 ## - FUENTE DE DATOS ENCONTRADOS

  • Cita de la fuente: La Cruz del Redentor o El triunfo de la fe, ca. 1900
  • Información encontrada: portada (por J. Conde de Salazar y Souleret)

670 ## - FUENTE DE DATOS ENCONTRADOS

  • Cita de la fuente: Ramírez de Arellano y Díaz de Morales, R. Ensayo de un catálogo biográfico de escritores de la provincia y diócesis de Córdoba, con descripción de sus obras, 1921
  • Información encontrada: página 158 (Conde y Souleret, D. José. Nació el 26 de abril de 1839. Falleció en Madrid el 3 de septiembre de 1900. Pintor, discípulo de D. José Rodríguez Losada en Córdoba; copista en el Museo del Prado en Madrid; escritor de novelas)